[Event "Morbihan-ch 0405"]
[Site "Arradon"]
[Date "2004.12.18"]
[Round "3"]
[White "Blanchard, Philippe"]
[Black "Hysiqi, Rezak"]
[Result "1/2-1/2"]
[WhiteElo "1530"]
[BlackElo "1670"]
[PlyCount "122"]
[EventDate "2004.10.10"]
[EventType "swiss"]
[EventRounds "7"]
[EventCountry "FRA"]
[SourceTitle "EXT 2007"]
[Source "ChessBase"]
[SourceDate "2006.11.23"]
[SourceVersion "1"]
[SourceVersionDate "2006.11.23"]
[SourceQuality "1"]

1. d4 d5 2. c4 Nf6 3. cxd5 Nxd5 4. e4 Nf6 5. e5 Nd5 6. Nc3 Bf5 7. a3 a6 8. Nf3 Nc6 9. Bd3 Bg4 10. Be2 e6 11. 0-0 Be7 12. Re1 Qd7 13. Nxd5 Qxd5 14. Be3 Rd8 15. Qa4 0-0 16. Red1 Ra8 17. b4 b5 18. Qc2 Na7 19. Rac1 Rfc8 20. Qb2 c6 21. Rc3 Rc7 22. Qc2 Nc8 23. Rc1 Bf5 24. Bd3 Bxd3 25. Qxd3 Nb6 26. Nd2 Na4 27. R3c2 Rac8 28. Qe4 Nb6 29. Qd3 Nd7 30. Qe4 f5 31. Qxd5 exd5 32. Nf3 Nf8 33. g3 Ne6 34. h4 h6 35. Ne1 g5 36. hxg5 hxg5 37. Nd3 Kf7 38. Kg2 g4 39. Nf4 Nxf4+ 40. Bxf4 Ke6 41. Rh1 Bf8 42. Rh2 Ra7 43. Bh6 Be7 44. Bd2 a5 45. Rh6+ Kd7 46. Kf1 axb4 47. Bxb4 Bxb4 48. axb4 Ra1+ 49. Ke2 Rb1 50. Rd6+ Ke7 51. Rdxc6 Rxc6 52. Rxc6 Rxb4 53. Kd3 Rb2 54. Rc2 Rb1 55. Kd2 b4 56. Rc1 Rb3 57. Rc2 Kd7 58. Rc1 Rf3 59. Ke2 b3 60. Rc5 b2 61. Rb5 f4 1/2-1/2